000 00792nam a2200265 a 4500
001 53048
003 BD-RjUL
005 20211209075911.0
008 161002s1976 njua b 001 0 eng
020 _a8120302621
035 _a(BD-RjUL)53168
040 _aDLC
_cDLC
_dDLC
_beng
041 _aeng
082 0 0 _a530.15
_223
_bHAI 1976
100 1 _aHarper, Charlie,
_d1931-
_9158551
245 1 0 _aIntroduction to mathematical physics /
_cCharlie Harper.
260 _aEnglewood Cliffs, N.J. :
_bPrentice-Hall,
_cc1976 [printing 2003].
300 _axvi, 301 p. :
_bill. ;
_c24 cm.
490 0 _aPrentice-Hall physics series.
500 _aIncludes index.
504 _aBibliography: p. 287-288.
650 0 _aMathematical physics.
_9122138
942 _2ddc
_cBK
999 _c53048
_d53048